[Event "blitz-b18"]
[Site "?"]
[Date "2021.08.27"]
[Round "13.8"]
[White "Kozlowski, Michal"]
[Black "Trybus, Daniel"]
[Result "0-1"]
[BlackElo "1781"]
[WhiteElo "1818"]
[LiveChessVersion "1.4.4"]

1. e4 {[%clk 0:03:03]} Nf6 {[%clk 0:03:04]} 2. e5 {[%clk 0:03:04]} Nd5
{[%clk 0:03:05]} 3. d4 {[%clk 0:03:05]} d6 {[%clk 0:03:07]} 4. Nf3
{[%clk 0:03:06]} g6 {[%clk 0:03:08]} 5. Bd3 {[%clk 0:03:04]} Bg7 {[%clk 0:03:09]}
6. exd6 {[%clk 0:03:05]} cxd6 {[%clk 0:03:09]} 7. O-O {[%clk 0:03:05]} O-O
{[%clk 0:03:10]} 8. c3 {[%clk 0:03:05]} Nc6 {[%clk 0:03:10]} 9. Re1
{[%clk 0:03:00]} e6 {[%clk 0:03:07]} 10. Be3 {[%clk 0:02:57]} Nxe3
{[%clk 0:03:03]} 11. fxe3 {[%clk 0:02:56]} d5 {[%clk 0:03:04]} 12. e4
{[%clk 0:02:57]} dxe4 {[%clk 0:03:02]} 13. Bxe4 {[%clk 0:02:57]} Qb6
{[%clk 0:02:59]} 14. Qb3 {[%clk 0:02:53]} Qa5 {[%clk 0:02:54]} 15. Nbd2
{[%clk 0:02:50]} Qh5 {[%clk 0:02:29]} 16. Nc4 {[%clk 0:02:42]} Na5
{[%clk 0:02:16]} 17. Nxa5 {[%clk 0:02:16]} Qxa5 {[%clk 0:02:17]} 18. h3
{[%clk 0:02:12]} Rb8 {[%clk 0:02:14]} 19. d5 {[%clk 0:02:02]} exd5
{[%clk 0:02:03]} 20. Bxd5 {[%clk 0:02:01]} Bd7 {[%clk 0:02:01]} 21. Kh1
{[%clk 0:00:56]} Ba4 {[%clk 0:02:00]} 22. Qc4 {[%clk 0:00:56]} Bb5
{[%clk 0:01:58]} 23. Qf4 {[%clk 0:00:50]} Bc6 {[%clk 0:01:09]} 24. Bb3
{[%clk 0:00:48]} Rbd8 {[%clk 0:00:45]} 25. Rad1 {[%clk 0:00:32]} Rxd1
{[%clk 0:00:42]} 26. Rxd1 {[%clk 0:00:32]} Qb6 {[%clk 0:00:30]} 27. Rf1
{[%clk 0:00:19]} Kh8 {[%clk 0:00:29]} 28. Ng5 {[%clk 0:00:20]} Be8
{[%clk 0:00:23]} 29. Re1 {[%clk 0:00:12]} Qf6 {[%clk 0:00:15]} 30. Qxf6
{[%clk 0:00:08]} Bxf6 {[%clk 0:00:15]} 31. Ne4 {[%clk 0:00:09]} Bh4
{[%clk 0:00:13]} 32. Rf1 {[%clk 0:00:08]} Bc6 {[%clk 0:00:13]} 33. Nd6
{[%clk 0:00:07]} f5 {[%clk 0:00:14]} 34. Kh2 {[%clk 0:00:08]} Bd8
{[%clk 0:00:15]} 35. g3 {[%clk 0:00:08]} Bc7 {[%clk 0:00:17]} 36. Nf7+
{[%clk 0:00:09]} Kg7 {[%clk 0:00:17]} 37. Ng5 {[%clk 0:00:10]} Re8
{[%clk 0:00:14]} 38. Ne6+ {[%clk 0:00:11]} Kf6 {[%clk 0:00:13]} 39. Nd4
{[%clk 0:00:07]} Be4 {[%clk 0:00:11]} 40. Bd1 {[%clk 0:00:06]} Rd8
{[%clk 0:00:12]} 41. Be2 {[%clk 0:00:07]} Bb6 {[%clk 0:00:13]} 42. Rd1
{[%clk 0:00:08]} Rd5 {[%clk 0:00:11]} 43. Bc4 {[%clk 0:00:08]} Rd6
{[%clk 0:00:11]} 44. g4 {[%clk 0:00:09]} Bc7 {[%clk 0:00:12]} 45. Kg1
{[%clk 0:00:09]} f4 {[%clk 0:00:11]} 46. Kf2 {[%clk 0:00:10]} g5 {[%clk 0:00:13]}
47. Re1 {[%clk 0:00:10]} Bg6 {[%clk 0:00:12]} 48. b4 {[%clk 0:00:07]} Bb6
{[%clk 0:00:14]} 49. Rd1 {[%clk 0:00:08]} a5 {[%clk 0:00:15]} 50. bxa5
{[%clk 0:00:09]} Bxa5 {[%clk 0:00:16]} 51. Rc1 {[%clk 0:00:09]} Bxc3
{[%clk 0:00:16]} 52. Rxc3 Rxd4 {[%clk 0:00:17]} 53. Be2 {[%clk 0:00:08]} Rd2
{[%clk 0:00:17]} 54. a3 {[%clk 0:00:06]} Be4 {[%clk 0:00:18]} 55. Ke1
{[%clk 0:00:07]} Rb2 {[%clk 0:00:19]} 56. Kf1 {[%clk 0:00:05]} Ke5
{[%clk 0:00:20]} 57. Rc5+ {[%clk 0:00:06]} Kd4 {[%clk 0:00:21]} 58. Rxg5
{[%clk 0:00:07]} Ke3 {[%clk 0:00:22]} 59. Bc4 {[%clk 0:00:09]} Rb1#
{[%clk 0:00:23]} 0-1

[Event "blitz-b18"]
[Site "?"]
[Date "2021.08.27"]
[Round "13.9"]
[White "Seemann, Jakub"]
[Black "Jedrusik, Adam"]
[Result "1-0"]
[BlackElo "1642"]
[WhiteElo "1805"]
[LiveChessVersion "1.4.4"]

1. d4 Nf6 {[%clk 0:02:58]} 2. c4 {[%clk 0:03:00]} e6 {[%clk 0:02:59]} 3. Nf3
{[%clk 0:03:00]} Bb4+ {[%clk 0:03:00]} 4. Nbd2 {[%clk 0:03:01]} O-O
{[%clk 0:03:00]} 5. a3 {[%clk 0:03:02]} Bxd2+ {[%clk 0:02:59]} 6. Qxd2
{[%clk 0:03:01]} d5 {[%clk 0:02:55]} 7. e3 {[%clk 0:03:00]} c5 {[%clk 0:02:50]}
8. cxd5 {[%clk 0:02:58]} Nxd5 {[%clk 0:02:43]} 9. dxc5 {[%clk 0:02:58]} Qe7
{[%clk 0:02:41]} 10. b4 {[%clk 0:02:57]} a5 {[%clk 0:02:39]} 11. Bb2
{[%clk 0:02:56]} Rd8 {[%clk 0:02:32]} 12. Bc4 {[%clk 0:02:35]} Nc6
{[%clk 0:02:01]} 13. Bxd5 {[%clk 0:02:34]} Rxd5 {[%clk 0:02:01]} 14. Qc3
{[%clk 0:02:34]} f6 {[%clk 0:01:58]} 15. O-O {[%clk 0:02:35]} e5 {[%clk 0:01:56]}
16. Rfd1 {[%clk 0:02:35]} Be6 {[%clk 0:01:56]} 17. Rxd5 {[%clk 0:02:28]} Bxd5
{[%clk 0:01:57]} 18. Nd2 {[%clk 0:02:27]} Qf7 {[%clk 0:01:51]} 19. b5
{[%clk 0:02:21]} Ne7 {[%clk 0:01:48]} 20. e4 {[%clk 0:02:20]} Be6
{[%clk 0:01:48]} 21. a4 {[%clk 0:02:16]} Rd8 {[%clk 0:01:48]} 22. Rc1
{[%clk 0:02:08]} Ng6 {[%clk 0:01:45]} 23. g3 {[%clk 0:02:01]} Qd7
{[%clk 0:01:43]} 24. Nc4 {[%clk 0:01:54]} Bh3 {[%clk 0:01:34]} 25. Nd6
{[%clk 0:01:54]} Nf8 {[%clk 0:01:30]} 26. Ba3 {[%clk 0:01:46]} Ne6
{[%clk 0:01:29]} 27. c6 {[%clk 0:01:46]} bxc6 {[%clk 0:01:26]} 28. bxc6
{[%clk 0:01:46]} Qc7 {[%clk 0:01:27]} 29. Nb5 {[%clk 0:01:34]} Qb6
{[%clk 0:01:13]} 30. c7 {[%clk 0:01:31]} Rc8 {[%clk 0:01:14]} 31. Qc6
{[%clk 0:01:28]} Qxc6 {[%clk 0:00:59]} 32. Rxc6 {[%clk 0:01:28]} Nd4
{[%clk 0:01:00]} 33. Nxd4 exd4 34. f3 {[%clk 0:01:08]} Kf7 {[%clk 0:00:49]} 35.
g4 {[%clk 0:01:09]} h5 {[%clk 0:00:49]} 36. gxh5 {[%clk 0:01:01]} Be6
{[%clk 0:00:33]} 37. Bd6 {[%clk 0:00:39]} Bb3 {[%clk 0:00:28]} 38. Ra6
{[%clk 0:00:39]} Bxa4 {[%clk 0:00:29]} 39. Rxa5 {[%clk 0:00:40]} Bb3
{[%clk 0:00:25]} 40. Kf2 {[%clk 0:00:38]} Ke6 {[%clk 0:00:23]} 41. Bf4
{[%clk 0:00:35]} Kd7 {[%clk 0:00:19]} 42. Rb5 {[%clk 0:00:34]} Be6
{[%clk 0:00:18]} 43. Rb4 {[%clk 0:00:35]} Ke8 {[%clk 0:00:10]} 44. Rxd4
{[%clk 0:00:31]} Ra8 {[%clk 0:00:11]} 45. Rb4 {[%clk 0:00:28]} Bc8
{[%clk 0:00:11]} 46. Kg3 {[%clk 0:00:26]} Ra2 {[%clk 0:00:10]} 47. Rd4
{[%clk 0:00:27]} Ra8 {[%clk 0:00:10]} 48. Rd8+ {[%clk 0:00:27]} Kf7
{[%clk 0:00:12]} 49. Bd6 {[%clk 0:00:25]} Ke6 {[%clk 0:00:09]} 50. f4
{[%clk 0:00:24]} Kf7 {[%clk 0:00:10]} 51. f5 {[%clk 0:00:24]} 1-0

[Event "blitz-b18"]
[Site "?"]
[Date "2021.08.27"]
[Round "13.10"]
[White "Kucharski, Bartlomiej"]
[Black "Marciniak, Leonard"]
[Result "1/2-1/2"]
[BlackElo "1506"]
[WhiteElo "1899"]
[LiveChessVersion "1.4.4"]

1. Nf3 {[%clk 0:03:02]} Nf6 {[%clk 0:03:03]} 2. g3 {[%clk 0:03:03]} g6
{[%clk 0:03:04]} 3. Bg2 {[%clk 0:03:04]} Bg7 {[%clk 0:03:04]} 4. O-O
{[%clk 0:03:04]} O-O {[%clk 0:03:04]} 5. d3 {[%clk 0:03:05]} d5 {[%clk 0:03:04]}
6. Nbd2 {[%clk 0:03:06]} c5 {[%clk 0:03:04]} 7. e4 {[%clk 0:03:06]} dxe4
{[%clk 0:03:04]} 8. dxe4 {[%clk 0:03:07]} Nc6 {[%clk 0:03:03]} 9. c3
{[%clk 0:03:08]} e5 {[%clk 0:02:59]} 10. Qc2 {[%clk 0:03:06]} Qe7
{[%clk 0:02:59]} 11. Re1 {[%clk 0:03:04]} Bg4 {[%clk 0:02:52]} 12. Nf1
{[%clk 0:02:57]} Rad8 {[%clk 0:02:43]} 13. Bg5 {[%clk 0:02:57]} h6
{[%clk 0:02:43]} 14. Bxf6 {[%clk 0:02:57]} Qxf6 {[%clk 0:02:41]} 15. N3d2
{[%clk 0:02:52]} Be6 {[%clk 0:02:41]} 16. Ne3 {[%clk 0:02:49]} Rd7
{[%clk 0:02:23]} 17. Ndf1 {[%clk 0:02:49]} Rfd8 {[%clk 0:02:23]} 18. Rad1
{[%clk 0:02:50]} Bxa2 {[%clk 0:02:01]} 19. Rxd7 {[%clk 0:02:29]} Rxd7
{[%clk 0:02:01]} 20. b3 {[%clk 0:02:30]} Bxb3 {[%clk 0:01:34]} 21. Qxb3
{[%clk 0:02:31]} h5 {[%clk 0:01:35]} 22. Nd5 {[%clk 0:02:28]} Qd8
{[%clk 0:01:32]} 23. Nfe3 {[%clk 0:02:23]} b6 {[%clk 0:01:25]} 24. Qa4
{[%clk 0:02:20]} Ne7 {[%clk 0:01:23]} 25. Bh3 {[%clk 0:02:12]} Rb7
{[%clk 0:01:18]} 26. Nxe7+ {[%clk 0:02:02]} Qxe7 {[%clk 0:01:15]} 27. Nd5
{[%clk 0:02:02]} Qd8 {[%clk 0:01:04]} 28. Qc6 {[%clk 0:02:00]} Qb8
{[%clk 0:00:53]} 29. Qc8+ {[%clk 0:01:54]} Qxc8 {[%clk 0:00:50]} 30. Bxc8
{[%clk 0:01:55]} Rb8 {[%clk 0:00:50]} 31. Ba6 {[%clk 0:01:55]} Kf8
{[%clk 0:00:50]} 32. Ra1 {[%clk 0:01:53]} f5 {[%clk 0:00:47]} 33. f3
{[%clk 0:01:51]} Bh6 {[%clk 0:00:38]} 34. Kf2 {[%clk 0:01:51]} Kg7
{[%clk 0:00:38]} 35. Bb5 {[%clk 0:01:51]} Rb7 {[%clk 0:00:38]} 36. c4
{[%clk 0:01:39]} fxe4 {[%clk 0:00:38]} 37. fxe4 {[%clk 0:01:40]} Rf7+
{[%clk 0:00:38]} 38. Ke2 {[%clk 0:01:41]} Bg5 {[%clk 0:00:33]} 39. h4
{[%clk 0:01:17]} Bd8 {[%clk 0:00:31]} 40. Rf1 {[%clk 0:01:15]} Rxf1
{[%clk 0:00:26]} 41. Kxf1 {[%clk 0:01:16]} g5 {[%clk 0:00:27]} 42. hxg5
{[%clk 0:01:17]} Bxg5 {[%clk 0:00:28]} 43. Ke2 {[%clk 0:01:18]} h4
{[%clk 0:00:29]} 44. gxh4 {[%clk 0:01:19]} Bxh4 {[%clk 0:00:30]} 45. Kf3
{[%clk 0:01:17]} Kf7 {[%clk 0:00:29]} 46. Kg4 {[%clk 0:01:18]} Be1
{[%clk 0:00:30]} 47. Kf5 {[%clk 0:01:19]} Bg3 {[%clk 0:00:29]} 48. Ne3
{[%clk 0:01:16]} Ke7 {[%clk 0:00:26]} 49. Ng4 {[%clk 0:00:48]} Kd6
{[%clk 0:00:26]} 50. Nf6 {[%clk 0:00:48]} Bh2 {[%clk 0:00:23]} 51. Ba4
{[%clk 0:00:44]} Ke7 {[%clk 0:00:19]} 52. Ng4 {[%clk 0:00:41]} Bg3
{[%clk 0:00:17]} 53. Nxe5 {[%clk 0:00:42]} Kd6 {[%clk 0:00:18]} 54. Bb5
{[%clk 0:00:41]} Bxe5 {[%clk 0:00:17]} 55. Ba6 {[%clk 0:00:39]} Bc3
{[%clk 0:00:16]} 56. Bb5 {[%clk 0:00:40]} a5 {[%clk 0:00:17]} 57. Ba4
{[%clk 0:00:41]} Bd4 {[%clk 0:00:15]} 58. Bb5 {[%clk 0:00:42]} Bc3
{[%clk 0:00:16]} 59. Ba4 {[%clk 0:00:43]} Ke5+ 1/2-1/2